| 000 | 01061cab a22001935a 4500 | ||
|---|---|---|---|
| 001 | L144211 | ||
| 008 | 080703s2008 xxkdo f s 000 0 eng d | ||
| 035 | _a(Sirsi) u144211 | ||
| 041 | 0 | _aeng | |
| 100 | 1 | _aBarker, Kate | |
| 245 | 0 | 0 | _aSupply targets and credit turmoil |
| 260 | _c2008 | ||
| 490 |
_aTown & Country Planning _v77(4) April 2008, 170-172(3) |
||
| 520 | _aArticle looks at the Government's long-term housing targets and indicates that they may quickly become unsustainable if house prices continue to fall and new housebuilding falls overall during 2008. Posits that due to sustainability targets and reduced consumer access to credit, the real cost of purchasing a home is not likely to fall significantly, leading to problems for first time buyers. Closes by saying that the targets may be achieved through careful governance and that the drive towards increased housing stocks is still required, despite the current economic downturn. | ||
| 590 | _aKA | ||
| 651 | 4 |
_aUnited Kingdom _y |
|
| 690 |
_aResidential property _96266 |
||
| 942 | _n0 | ||
| 999 |
_c80390 _d80390 |
||